000 00696nam a22002537a 4500
003 CHAP
005 20220329140518.0
008 971013s1956 r 00010 d
010 _a53107
011 _a54079
035 _a58229
040 _cCHAP
082 _a624.15
_bS44
100 0 0 _aSeely, Elwin E.
_9103586
245 _aFoundations desing and practice
260 _aNew York :
_bWiley,
_c1956
300 _a(pág. var.)
_b: Ilus.
590 _aBATCH-UPD
_b10
_c20130110
_lUCH01
_h2308
590 _aCONVERSION
_b10
_c20130109
_lUCH01
_h1329
650 1 4 _aCimientos.
_923308
901 _aBK
942 _cLIBRO
949 _a624.15 S44
_bBC
_cLIBRO
_d33724000484374
_eLIBRO
_h18738
_i58229
_si
999 _c53107
_d53107